000 00286nam a22001337a 4500
008 181122b xxu||||| |||| 00| 0 eng d
020 _a9780030523229
041 _aeng
080 _a821
100 _a22
101 _aGJL
245 _aElements of Literature
_cHolt
942 _2udc
_cBK
999 _c52412
_d52412